Die Top 100 Fußball-Vereine mit den meisten DFB-Pokalspielen jemals - Statistiken

Allgemein
  • Dieses Quiz wurde 663 mal gespielt
  • Das Durchschnittsergebnis liegt bei 50 aus 100
Antwortstatistiken
Spiele Antwort Titel % Korrekt
273 FC Bayern München 20
100%
206 Bor. Dortmund 5
98%
245 Werder Bremen 6
95%
209 Hamburger SV 3
94%
218 VFB Stuttgart 3
93%
257 Schalke 04 0
92%
210 1.FC Köln 4
91%
156 Bayer Leverkusen 1
90%
211 Eintracht Frankfurt 5
90%
193 Bor. Mönchen-Gladbach 3
87%
186 Hertha BSC 0
87%
119 VFL Wolfsburg 1
85%
193 FC Kaiserslautern 2
84%
121 SC Freiburg 0
84%
157 VFL Bochum 0
83%
70 Holstein Kiel 0
82%
49 Union Berlin 0
82%
40 RB Leipzig 2
81%
40 SG Dynamo Dresden 0
81%
69 FC Augsburg 0
80%
97 FSV Mainz 05 0
80%
101 FC St. Pauli 0
79%
171 Fort. Düsseldorf 0
79%
89 1.FC Saarbrücken 0
78%
102 Greuther Fürth 0
78%
119 Eintracht Braunschweig 0
77%
58 Hansa Rostock 0
76%
55 TSG Hoffenheim 0
76%
113 Arminia Bielefeld 0
75%
151 MSV Duisburg 0
74%
137 1860 München 2
73%
159 Hannover 96 1
72%
115 Alemannia Aachen 0
71%
75 SV Darmstadt 98 0
71%
26 1.FC Magdeburg 0
70%
51 SSV Ulm 0
70%
48 SC Paderborn 0
69%
28 1.FC Heidenheim 0
68%
119 Waldhof Mannheim 0
68%
198 1.FC Nürnberg 4
67%
48 Energie Cottbus 0
67%
150 Karlsruher SC 2
67%
93 Rot-Weiß Essen 1
67%
24 FC Ingolstadt 0
62%
40 Carl Zeiss Jena 0
61%
121 Kickers Offenbach 1
61%
38 SSV Jahn Regensburg 0
61%
95 VFL Osnabrück 0
61%
88 Stuttgarter Kickers 0
59%
45 Spvgg Unterhaching 0
56%
85 KFC Uerdingen 1
55%
68 Rot-Weiß Oberhausen 0
55%
71 Fortuna Köln 0
53%
45 Preußen Münster 0
52%
33 Chemnitzer FC 0
50%
32 Erzgebirge Aue 0
48%
54 FSV Frankfurt 0
47%
46 SV Sandhausen 0
46%
66 FC Homburg 0
44%
24 SV Wehen Wiesbaden 0
42%
22 Viktoria Köln 0
42%
56 SG Wattenscheid 09 0
39%
23 1.FC Lok Leipzig 1
37%
17 Rot-Weiß Erfurt 0
34%
58 TeBe Berlin 0
33%
39 VFB Lübeck 0
33%
42 Bor. Neunkirchen 0
32%
40 Wuppertaler SV 0
32%
40 Schwarz-Weiß Essen 1
30%
26 SV Meppen 0
30%
16 Rapid Wien 1
28%
52 Eintracht Trier 0
26%
37 Hessen Kassel 0
26%
24 TUS Koblenz 0
26%
25 VFB Oldenburg 0
17%
16 VFR Aalen 0
16%
16 Sportfreunde Siegen 0
13%
18 Rot-Weiss Ahlen 0
12%
25 VFR Mannheim 0
12%
25 Altona 93 0
11%
46 Wormatia Worms 0
11%
24 1.FC Göttingen 05 0
10%
41 Freiburger FC 0
10%
41 Spvgg Bayreuth 0
9%
25 SSV Reutlingen 0
9%
32 Union Solingen 0
8%
21 Westfalia Herne 0
8%
21 Arminia Hannover 0
7%
37 FK Pirmasens 0
6%
30 1.FC Schweinfurt 0
5%
22 FC Bayern II 0
4%
20 FC Remscheid 0
4%
19 1.FC Bocholt 0
2%
18 1.FC Pforzheim 0
2%
15 Röchling Völkling 0
2%
22 Viktoria Hamburg 0
2%
26 Werder Bremen II 0
2%
20 FSV Salmrohr 0
1%
20 SC Jülich 0
1%
16 Vorw.-Rasensport Gleiwitz 0
0%
Keine übereinstimmenden Quizze gefunden
Verteilung der Resultate
Anzahl Personen mit jedem Resultat
Perzentil nach korrekt beantworteten Fragen
Ihre Resultats-Entwicklung
Sie haben dieses Quiz noch nicht gespielt